000 00503nam a22001697a 4500
005 20251108165945.0
008 250721s9999 xx 000 0 ara d
082 1 4 _aط/ق/فاد
245 1 0 _aفادي وجيجي في الطائرة /
264 1 _aبيروت :
_bدار الشرق العربي،
_c[19-].
300 _a16ص.
490 0 _aمصور
650 1 7 _aالقصص العربية
653 _aأطفال مرحلة متوسطة ( 6 - 9 سنوات )
942 _2ddc
_cBK
999 _c35872
_d35872